Trouve la compo : Liverpool 3 - 3 Milan AC Finale Ligue des champions - Statistiques

Statistiques générales
  • Ce quiz a été pris 164 fois
  • Le résultat moyen est 20 sur 32
Statistiques - réponses
Poste Nationalité Joueur % Correct
Défenseur gauche Italie Paolo Maldini
93%
Gardien de but Brésil Dida
92%
Buteur Ukraine Andriy Shevchenko
90%
Milieu offensif Brésil Kaká
90%
Milieu central Angleterre Steven Gerrard
89%
Défenseur droit Brésil Cafú
85%
Buteur Argentine Hernán Crespo
81%
Milieu défensif Espagne Xabi Alonso
81%
Milieu central Pays-Bas Clarence Seedorf
80%
Milieu défensif Italie Andrea Pirlo
79%
Gardien de but Pologne Jerzy Dudek
77%
Liverpool FCCompo : 3 5 2 Liverpool FC
77%
Remplaçant rentré en jeu Liverpool FC
77%
Milan AC Compo : 4 4 2 Milan AC
77%
Remplaçant rentré en jeu Milan AC
77%
Milieu central Italie Gennaro Gattuso
76%
Défenseur central Italie Alessandro Nesta
73%
Défenseur central Pays-Bas Jaap Stam
72%
Attaquant France Djibril Cissé
69%
Défenseur central Anglais Jamie Carragher
58%
Milieu offensif Portugal Rui Costa
54%
Milieu de terrain République Tchèque Vladimír Šmicer
46%
Piston gauche Norvège John Arne Riise
44%
Buteur République Tchèque Milan Baroš
39%
Défenseur central Mali Djimi Traoré
33%
Milieu central Australie Harry Kewell
30%
Défenseur central Finlande Sami Hyypiä
27%
Buteur Espagne Luis García
24%
Avant centre Danemark Jon Dahl Tomasson
18%
Arrière gauche Brésil Serginho
17%
Piston droit République d'Irlande Steve Finna
16%
Milieu défensif Allemagne Dietmar Hamann
12%
Aucun quiz correspondant
Distribution des résultats
% des personnes avec chaque résultat
Percentile par nombre de réponses
Votre historique - résultats
Vous n’avez pas pris ce quiz